=LDR 00000nam 2200000 4500 =001 INLIS000000000041377 =005 20130612150920 =008 ***********************************ind** =035 ##$$a0010-061300000041377 =041 ##$$a ind =082 ##$$a 613.9 =090 ##$$a 613.9, Kel k =245 ##$$a Keluarga berencana dan kesehatan reproduksi, Editor, Tukiran, Agus Joko Pitoyo, Pande Made Kertanegara =260 ##$$a 2010 $b Yogyakarta =300 ##$$a 396 hlm, 21 cm =650 ##$$a Keluarga Berencana =700 ##$$a Tukura =700 ##$$a Pitoyo, Agus Joko, Kutanegara, Pande Made =850 ##$$a NNT-CD =990 ##$$a 92821/BPAP-NTB/2014 =990 ##$$a 92830/BPAP-NTB/2014 =990 ##$$a 14511451 =990 ##$$a 01201901451 =990 ##$$a 92821/BPAP-NTB/2014 =990 ##$$a 92830/BPAP-NTB/2014